[Event "AUT-ch"]
[Site "Moesern"]
[Date "1997.08.10"]
[Round "9"]
[White "Danner, Georg"]
[Black "Kummer, Helmut"]
[Result "1/2-1/2"]
[WhiteElo "2415"]
[BlackElo "2380"]
[PlyCount "159"]
[EventDate "1997.08.??"]

1. d4 d5 2. Nf3 Bf5 3. c4 e6 4. Qb3 Nc6 5. cxd5 exd5 6. Nc3 Bb4 7. a3 Bxc3+ 8.
Qxc3 Qd6 9. g3 f6 10. Bg2 a5 11. O-O Nge7 12. Bf4 Qd7 13. b4 axb4 14. axb4 Rc8
15. Rfc1 O-O 16. b5 Nd8 17. Qb3 Ne6 18. Be3 Ra8 19. Ne1 h6 20. Nd3 Kh8 21. Nf4
Nxf4 22. Bxf4 c6 23. b6 Rxa1 24. Rxa1 Nc8 25. Ra8 Re8 26. e3 Ne7 27. Rxe8+ Qxe8
28. Qa3 Ng6 29. Bd6 Kh7 30. h3 Nh8 31. g4 Be4 32. f3 Bg6 33. Kf2 Nf7 34. Bc7 f5
35. Bf1 fxg4 36. hxg4 Ng5 37. Bf4 Ne6 38. Be5 Qf7 39. Bg2 h5 40. gxh5 Bxh5 41.
Qd3+ Bg6 42. Qf1 Ng5 43. Qh1+ Kg8 44. Qh4 Ne6 45. Kg1 Bf5 46. e4 Bg6 47. Bh3
Nf8 48. Bg2 Ne6 49. Kh2 Qe8 50. Qg4 Bh5 51. Qg3 Bg6 52. Bh3 Qf7 53. Qg4 Nf8 54.
Bd6 dxe4 55. fxe4 Qf2+ 56. Bg2 Qxd4 57. Bxf8 Qe5+ 58. Kh3 Bf7 59. Qxg7+ Qxg7
60. Bxg7 Kxg7 61. Kg3 Bc4 62. Kf4 Kf8 63. Ke5 Ke7 64. Bh3 c5 65. Bf5 Ba6 66.
Kd5 c4 67. e5 Bb5 68. Kc5 Ba6 69. Bc8 Kd8 {} 70. Be6 c3 71. Bf5 Be2 72. Kd4
Bg4 73. Be4 Bf3 74. Bc2 Kd7 75. Ba4+ Ke6 76. Bb3+ Kf5 77. e6 c2 78. Bxc2+ Kxe6
79. Kc5 Ke5 80. Bd3 1/2-1/2

[Event "AUT-ch"]
[Site "Moesern"]
[Date "1997.??.08"]
[Round "9"]
[White "Lehner, Oliver"]
[Black "Stanec, Nikolaus"]
[Result "1/2-1/2"]
[WhiteElo "2400"]
[BlackElo "2465"]
[PlyCount "46"]
[EventDate "1997.08.??"]

1. e4 e5 2. Nf3 Nc6 3. Bb5 a6 4. Ba4 Nf6 5. O-O Be7 6. Re1 b5 7. Bb3 d6 8. c3
O-O 9. h3 Na5 10. Bc2 c5 11. d4 Qc7 12. Nbd2 Bd7 13. Nf1 Rac8 14. d5 c4 15.
N3h2 Nb7 16. Ng4 Nc5 17. Ng3 Nxg4 18. hxg4 Qd8 19. b4 cxb3 20. axb3 {} 20...
Bg5 21. Nf5 Bxf5 22. gxf5 Bxc1 23. Qxc1 b4 1/2-1/2

[Event "AUT-ch"]
[Site "Moesern"]
[Date "1997.??.08"]
[Round "9"]
[White "Mahdy, Khaled"]
[Black "Rolletschek, Heinrich"]
[Result "1/2-1/2"]
[WhiteElo "2400"]
[BlackElo "2325"]
[PlyCount "70"]
[EventDate "1997.08.??"]

1. e4 e5 2. Nf3 Nc6 3. Bb5 a6 4. Ba4 d6 5. c3 Bd7 6. d4 g6 7. d5 Nce7 8. c4 Bg7
9. Nc3 h6 10. h3 f5 11. exf5 gxf5 12. g4 Bxa4 13. Qxa4+ Qd7 14. Qxd7+ Kxd7 15.
Nh4 Bf6 16. Nxf5 Nxf5 17. gxf5 Ne7 18. Ne4 Raf8 19. Ke2 Nxf5 20. Be3 Rhg8 21.
Rhg1 Be7 22. Ng3 Nxg3+ 23. Rxg3 Rxg3 24. fxg3 Bg5 25. Bg1 h5 26. Rf1 Rxf1 27.
Kxf1 c6 28. Ke2 cxd5 29. cxd5 Ke7 30. Kf3 Kf6 31. Ke4 Kg6 32. Bb6 Be7 33. Ba5
Kg5 34. Bc3 Bf6 35. b3 Kg6 1/2-1/2

[Event "AUT-ch"]
[Site "Moesern"]
[Date "1997.??.??"]
[Round "9"]
[White "Wittmann, Walter"]
[Black "Hoelzl, Franz"]
[Result "1/2-1/2"]
[WhiteElo "2405"]
[BlackElo "2440"]
[PlyCount "78"]
[EventDate "1997.08.??"]

1. e4 c5 2. Nf3 d6 3. d4 cxd4 4. Nxd4 Nf6 5. Nc3 a6 6. a4 Nc6 7. Be2 e5 8. Nb3
h6 9. Be3 Be7 10. a5 Be6 11. Nd5 Rc8 12. Ra4 O-O 13. O-O Qe8 14. c3 Bd8 15.
Nxf6+ Bxf6 16. Nd2 d5 17. exd5 Bxd5 18. Bc4 Ne7 19. Rb4 Bxc4 20. Nxc4 Nf5 21.
Qg4 Qe6 22. Nb6 Rc6 23. Rc4 Rfc8 24. Rxc6 Rxc6 25. Rd1 Rd6 26. Rxd6 Qxd6 27.
Nc4 Qd3 28. h3 g6 29. Nb6 Nxe3 30. Qc8+ Kg7 31. fxe3 Qxe3+ 32. Kh1 Bh4 33. Qg4
Qe1+ 34. Kh2 f5 35. Qf3 f4 36. Qxb7+ Kf6 37. Nd5+ Kf5 38. Qc8+ Ke4 39. Qc4+ Kf5
1/2-1/2

[Event "AUT-ch"]
[Site "Moesern"]
[Date "1997.??.08"]
[Round "9"]
[White "Schroll, Gerhard"]
[Black "Brestian, Egon"]
[Result "0-1"]
[WhiteElo "2405"]
[BlackElo "2440"]
[PlyCount "62"]
[EventDate "1997.08.??"]

1. d4 Nf6 2. c4 e5 3. dxe5 Ng4 4. Bf4 g5 5. Bg3 Bg7 6. Nf3 Nc6 7. Nc3 Ngxe5 8.
Nxe5 Nxe5 9. e3 d6 10. Be2 Be6 11. f4 gxf4 12. exf4 Nxc4 13. f5 Ne3 14. Qd3
Nxf5 15. Bf2 O-O 16. O-O Qg5 17. Rad1 Rad8 18. Nb5 Rd7 19. Nd4 Nxd4 20. Bxd4
Bxd4+ 21. Qxd4 Qc5 22. Qxc5 dxc5 23. Rxd7 Bxd7 24. Rc1 Re8 25. Kf2 Re5 26. Bf3
b6 27. b4 Kf8 28. bxc5 Rxc5 29. Rxc5 bxc5 30. Ke3 Ke7 31. Kf4 f6 0-1

[Event "AUT-ch"]
[Site "Moesern"]
[Date "1997.??.??"]
[Round "9"]
[White "Sommerbauer, Norbert"]
[Black "Weinzettl, Ernst"]
[Result "1/2-1/2"]
[WhiteElo "2395"]
[BlackElo "2410"]
[PlyCount "26"]
[EventDate "1997.08.??"]

1. Nf3 Nf6 2. c4 g6 3. Nc3 Bg7 4. e4 d6 5. d4 Bg4 6. Be2 O-O 7. Be3 Nfd7 8. Ng1
Bxe2 9. Ngxe2 c5 10. O-O cxd4 11. Nxd4 Nc6 12. Rc1 Rc8 13. b3 Qa5 1/2-1/2

[Event "AUT-ch"]
[Site "Moesern"]
[Date "1997.??.??"]
[Round "9"]
[White "Lendwai, Reinhard"]
[Black "Casagrande, Harald"]
[Result "1/2-1/2"]
[WhiteElo "2375"]
[BlackElo "2345"]
[PlyCount "30"]
[EventDate "1997.08.??"]

1. e4 d5 2. d3 dxe4 3. dxe4 Qxd1+ 4. Kxd1 e5 5. Be3 Be6 6. Nd2 Nd7 7. Bc4 Bxc4
8. Nxc4 f6 9. Ke2 Bc5 10. Rd1 Bxe3 11. Kxe3 O-O-O 12. Ne2 Ne7 13. Rd2 Nc5 14.
Rhd1 Rxd2 15. Rxd2 Rd8 1/2-1/2

[Event "AUT-ch"]
[Site "Moesern"]
[Date "1997.??.09"]
[Round "10"]
[White "Schlosser, Michael"]
[Black "Casagrande, Harald"]
[Result "0-1"]
[WhiteElo "2350"]
[BlackElo "2345"]
[PlyCount "122"]
[EventDate "1997.08.??"]

1. e4 c6 2. d4 d5 3. Nc3 dxe4 4. Nxe4 Nd7 5. Ng5 Ndf6 6. N1f3 e6 7. Ne5 Nh6 8.
Bc4 Bd6 9. Qe2 O-O 10. O-O Qc7 11. f4 b5 12. Bd3 c5 13. dxc5 Bxc5+ 14. Kh1 Nf5
15. c3 a6 16. a4 b4 17. Bd2 b3 18. Rf3 g6 19. Rh3 Kg7 20. Ng4 Nh5 21. Rf1 h6
22. Ne4 Bb6 23. Ne5 Nf6 24. Nxf6 Kxf6 25. Bxf5 exf5 26. c4 Ba5 27. Be3 Rd8 28.
Rxh6 Kg7 29. Rh3 Bb7 30. Qf2 Rh8 31. Rxh8 Rxh8 32. Rd1 Rd8 33. Rxd8 Qxd8 34.
Bd4 f6 35. Nd3 Qe7 36. Nc5 Bc6 37. Nxb3 Bb4 38. a5 Qe4 39. h3 Qd3 40. Nc1 Qxc4
41. Ne2 Bxa5 42. Kh2 Bc7 43. h4 Qd5 44. Be3 Qe4 45. Nd4 Bd5 46. Kg1 Kf7 47. Qd2
Ba5 48. Qe2 Be1 49. Nf3 Bg3 50. Qd2 Qb1+ 51. Qc1 Qxc1+ 52. Bxc1 Bxf3 53. gxf3
Bxh4 54. Kf1 Ke6 55. Ke2 Kd5 56. Bd2 Kc4 57. Bc3 Bg3 58. Ke3 g5 59. Bxf6 Bxf4+
60. Ke2 Kb3 61. Bc3 Bc1 0-1

[Event "AUT-ch"]
[Site "Moesern"]
[Date "1997.??.09"]
[Round "10"]
[White "Rolletschek, Heinrich"]
[Black "Wittmann, Walter"]
[Result "1/2-1/2"]
[WhiteElo "2325"]
[BlackElo "2405"]
[PlyCount "45"]
[EventDate "1997.08.??"]

1. e4 c5 2. Nf3 Nc6 3. g3 g6 4. Bg2 Bg7 5. O-O e5 6. c3 Nge7 7. Na3 O-O 8. d3
d6 9. Be3 h6 10. Qe2 Kh7 11. d4 exd4 12. cxd4 d5 13. exd5 Nxd5 14. dxc5 Nxe3
15. Qxe3 Bxb2 16. Rad1 Qc7 17. Nb5 Qa5 18. Nd6 Bg7 19. Rd2 Rb8 20. Rb1 Qc7 21.
Nb5 Qa5 22. Nd6 Qc7 23. Nb5 1/2-1/2

[Event "AUT-ch"]
[Site "Moesern"]
[Date "1997.08.11"]
[Round "10"]
[White "Stanec, Nikolaus"]
[Black "Mahdy, Khaled"]
[Result "1/2-1/2"]
[WhiteElo "2465"]
[BlackElo "2400"]
[PlyCount "37"]
[EventDate "1997.08.??"]

1. c4 Nf6 2. Nc3 g6 3. e4 d6 4. d4 Bg7 5. Be2 O-O 6. Nf3 Bg4 7. Be3 Nfd7 8. O-O
c5 9. d5 Na6 10. h3 Bxf3 11. Bxf3 Nc7 12. Rb1 Nb6 13. Qd3 e6 14. Rfc1 exd5 15.
cxd5 Nd7 16. b4 cxb4 17. Rxb4 Na6 18. Rbb1 Nac5 19. Qd1 1/2-1/2

[Event "AUT-ch"]
[Site "Moesern"]
[Date "1997.??.??"]
[Round "10"]
[White "Duer, Arne"]
[Black "Danner, Georg"]
[Result "1/2-1/2"]
[WhiteElo "2405"]
[BlackElo "2415"]
[PlyCount "20"]
[EventDate "1997.08.??"]

1. Nf3 f5 2. d4 g6 3. g3 Bg7 4. Bg2 d6 5. b3 Nf6 6. Bb2 O-O 7. c4 c6 8. O-O Na6
9. Nbd2 Bd7 10. Qc2 Nb4 1/2-1/2

[Event "AUT-ch"]
[Site "Moesern"]
[Date "1997.??.10"]
[Round "11"]
[White "Lehner, Oliver"]
[Black "Duer, Arne"]
[Result "1-0"]
[WhiteElo "2400"]
[BlackElo "2405"]
[PlyCount "91"]
[EventDate "1997.08.??"]

1. d4 Nf6 2. c4 d6 3. Nf3 Nbd7 4. g3 g6 5. Bg2 Bg7 6. O-O O-O 7. Qc2 e5 8. dxe5
dxe5 9. Rd1 Re8 10. Nc3 h6 11. Nd2 Kh7 12. b3 Bf8 13. Bb2 Rb8 14. a3 Bg7 15. b4
a6 16. Rac1 Rf8 17. Nd5 c6 18. Nxf6+ Qxf6 19. c5 Qe7 20. Nc4 Rg8 21. Qd2 f6 22.
Qd6 Qxd6 23. Nxd6 Nf8 24. Nxc8 Rxc8 25. Rd6 Rc7 26. Bh3 h5 27. e4 Bh6 28. Rcd1
Kg7 29. f4 exf4 30. Bxf6+ Kh7 31. e5 fxg3 {} 32. hxg3 Rgg7 33. Bxg7 Kxg7 34.
e6 Bg5 35. Rf1 Bf6 36. Kg2 Re7 37. Re1 h4 38. gxh4 Bxh4 39. Rf1 Bf6 40. Rf3 Rc7
41. Rd7+ Nxd7 42. exd7 Bg5 43. Be6 b6 44. cxb6 Rb7 45. Rf7+ Kh6 46. d8=Q 1-0

[Event "AUT-ch"]
[Site "Moesern"]
[Date "1997.??.10"]
[Round "11"]
[White "Mahdy, Khaled"]
[Black "Kummer, Helmut"]
[Result "1-0"]
[WhiteElo "2400"]
[BlackElo "2380"]
[PlyCount "117"]
[EventDate "1997.08.??"]

1. e4 e5 2. Nf3 Nf6 3. Nc3 Bb4 4. Nxe5 O-O 5. Be2 Re8 6. Nd3 Bxc3 7. dxc3 Nxe4
8. O-O d5 9. Nf4 c6 10. Be3 Nd7 11. c4 Ndf6 12. cxd5 Nxd5 13. Nxd5 Qxd5 14.
Qxd5 cxd5 15. Rfe1 Bd7 16. Rad1 Bc6 17. Bd3 a6 18. f3 Nd6 19. Bf4 Nc4 20. Bc1
f6 21. Kf2 g6 22. Rxe8+ Rxe8 23. Be2 Kf7 24. b3 Nb6 25. Be3 Nc8 26. c4 dxc4 27.
Bxc4+ Kg7 28. b4 Ne7 29. Bc5 g5 30. Re1 Ng6 31. Rxe8 Bxe8 32. a3 Bc6 33. Ke3
Ne5 34. Be2 Kf7 35. g3 h5 36. Bd4 Ke6 37. Bxe5 fxe5 38. h4 Kf6 39. Bd3 gxh4 40.
gxh4 Bd5 41. Be2 Bc6 42. Bc4 Bb5 43. Bb3 Bc6 44. a4 b6 45. a5 bxa5 46. bxa5 Bb5
47. Bd5 Ke7 48. Be4 Kf6 49. f4 exf4+ 50. Kxf4 Be2 51. Ke3 Bb5 52. Bf3 Kg6 53.
Kd4 Bf1 54. Kc5 Bd3 55. Kb6 Kf5 56. Bxh5 Kf4 57. Bd1 Bf1 58. h5 Kg5 59. Bf3 1-0

[Event "AUT-ch"]
[Site "Moesern"]
[Date "1997.??.10"]
[Round "11"]
[White "Wittmann, Walter"]
[Black "Stanec, Nikolaus"]
[Result "1/2-1/2"]
[WhiteElo "2405"]
[BlackElo "2465"]
[PlyCount "26"]
[EventDate "1997.08.??"]

1. e4 e5 2. Nf3 Nc6 3. Bb5 Nf6 4. Nc3 Nd4 5. Nxd4 exd4 6. e5 dxc3 7. exf6 Qxf6
8. dxc3 Qe5+ 9. Be2 Bc5 10. O-O O-O 11. Bf3 c6 12. Re1 Qf6 13. Be3 Bxe3 1/2-1/2

[Event "AUT-ch"]
[Site "Moesern"]
[Date "1997.??.10"]
[Round "11"]
[White "Schroll, Gerhard"]
[Black "Rolletschek, Heinrich"]
[Result "1-0"]
[WhiteElo "2405"]
[BlackElo "2325"]
[PlyCount "97"]
[EventDate "1997.08.??"]

1. d4 f5 2. Nc3 Nf6 3. Bg5 d5 4. Bxf6 exf6 5. e3 c6 6. Bd3 b6 7. h3 Bd6 8. Qf3
Qd7 9. Nge2 g6 10. g4 Ba6 11. gxf5 Bxd3 12. cxd3 Qxf5 13. Qxf5 gxf5 14. Rg1 Kf7
15. Ng3 Rg8 16. Nce2 f4 17. Nxf4 Bxf4 18. exf4 Nd7 19. Kd2 Rg6 20. Rge1 Re8 21.
Nf5 Re6 22. Nh4 Rg8 23. Rxe6 Kxe6 24. Re1+ Kd6 25. Nf5+ Kc7 26. Re7 h5 27. Rg7
Rh8 28. h4 a5 29. Ne7 Kd6 30. Ng6 Rh6 31. f5 c5 32. dxc5+ bxc5 33. Rf7 d4 34.
f4 Kc6 35. Ke2 Kd6 36. Kf3 a4 37. Kf2 Kc6 38. Ke2 Kd6 39. Kf3 Kc6 40. Ne7+ Kd6
41. Ng8 Rh8 42. Nxf6 Nxf6 43. Rxf6+ Kd5 44. Ra6 Rb8 45. f6 Rxb2 46. f7 Rb8 47.
Rxa4 Ke6 48. Ra5 Kxf7 49. Rxc5 1-0

[Event "AUT-ch"]
[Site "Moesern"]
[Date "1997.??.10"]
[Round "11"]
[White "Sommerbauer, Norbert"]
[Black "Hoelzl, Franz"]
[Result "1/2-1/2"]
[WhiteElo "2395"]
[BlackElo "2440"]
[PlyCount "30"]
[EventDate "1997.08.??"]

1. Nf3 Nf6 2. c4 g6 3. Nc3 Bg7 4. e4 d6 5. d4 O-O 6. h3 c6 7. Bg5 e5 8. dxe5
dxe5 9. Qxd8 Rxd8 10. Nxe5 Re8 11. O-O-O Na6 12. Nf3 Nc5 13. Nd2 Nfd7 14. Kc2
a5 15. Be3 a4 1/2-1/2

[Event "AUT-ch"]
[Site "Moesern"]
[Date "1997.??.10"]
[Round "11"]
[White "Lendwai, Reinhard"]
[Black "Brestian, Egon"]
[Result "1/2-1/2"]
[WhiteElo "2375"]
[BlackElo "2440"]
[PlyCount "21"]
[EventDate "1997.08.??"]

1. e4 c6 2. d4 d5 3. exd5 cxd5 4. Bd3 Nc6 5. c3 Nf6 6. Bf4 Bg4 7. Qb3 Qb6 8. h3
Bh5 9. Na3 Qxb3 10. axb3 e6 11. b4 1/2-1/2

[Event "AUT-ch"]
[Site "Moesern"]
[Date "1997.??.11"]
[Round "12"]
[White "Schlosser, Michael"]
[Black "Weinzettl, Ernst"]
[Result "1-0"]
[WhiteElo "2350"]
[BlackElo "2410"]
[PlyCount "121"]
[EventDate "1997.08.??"]

1. e4 e6 2. d4 d5 3. Nc3 Bb4 4. e5 c5 5. a3 Bxc3+ 6. bxc3 Nc6 7. Qg4 g6 8. Nf3
Qa5 9. Bd2 Qa4 10. Ra2 b6 11. h4 h6 12. h5 g5 13. Nxg5 Nge7 14. Nf3 Ba6 15.
Bxa6 Qxa6 16. Qf4 cxd4 17. cxd4 Nf5 18. Ra1 Qc4 19. c3 Na5 20. g4 Ne7 21. Qe3
Qb5 22. Qe2 Nc4 23. O-O Rg8 24. Nh2 Qb2 25. Rfd1 Qc2 26. Rac1 Qh7 27. a4 Nc6
28. Bf4 Rc8 29. Qc2 Qg7 30. Rd3 Ke7 31. Re1 Qh7 32. Qe2 N6a5 33. Rf3 Rc7 34.
Bg3 Rgc8 35. Nf1 Na3 36. Qb2 N5c4 37. Qb3 a5 38. Rc1 Ke8 39. Rf6 Qd3 40. Rxh6
Qf3 41. Rh8+ Ke7 42. Rxc8 Rxc8 43. Ra1 Qxg4 44. Rxa3 Qxh5 45. Ra2 Rh8 46. Nh2
Qh3 47. Re2 Kd7 48. Qd1 Kc6 49. Re1 Rg8 50. Qe2 b5 51. axb5+ Kb6 52. Ra1 Qf5
53. Nf1 Qf4 54. Kg2 Rg7 55. Qf3 Qh6 56. Qf6 Qh7 57. Qd8+ Kb7 58. Qd7+ Kb8 59.
Qe8+ Kb7 60. Qc6+ Kb8 61. b6 1-0

[Event "AUT-ch"]
[Site "Moesern"]
[Date "1997.??.11"]
[Round "12"]
[White "Brestian, Egon"]
[Black "Casagrande, Harald"]
[Result "0-1"]
[WhiteElo "2440"]
[BlackElo "2345"]
[PlyCount "76"]
[EventDate "1997.08.??"]

1. e4 e6 2. d4 d5 3. e5 c5 4. c3 Nc6 5. Nf3 Qb6 6. a3 a5 7. Bd3 Bd7 8. O-O Nh6
9. dxc5 Bxc5 10. Bxh6 gxh6 11. Nbd2 Qxb2 12. c4 Nxe5 13. Rb1 Nxf3+ 14. Nxf3 Qf6
15. cxd5 b6 16. Qe2 Bc8 17. Bb5+ Kf8 18. Ne5 Rg8 19. Kh1 exd5 20. Rb3 Ra7 21.
Rf3 Qh4 22. Nxf7 Re7 23. Nd6+ Kg7 24. Qb2+ Bd4 25. Qc2 Be5 26. Rg3+ Bxg3 27.
fxg3 Qg4 28. h3 Qe6 29. Qc3+ Qe5 30. Rf7+ Kh8 31. Qc2 Qe1+ 32. Rf1 Qxg3 33.
Qb2+ Qg7 34. Qd2 Be6 35. Bd3 Rf8 36. Re1 Bd7 37. Rxe7 Qxe7 38. Qc3+ Qf6 0-1

[Event "AUT-ch"]
[Site "Moesern"]
[Date "1997.??.11"]
[Round "12"]
[White "Hoelzl, Franz"]
[Black "Lendwai, Reinhard"]
[Result "1/2-1/2"]
[WhiteElo "2440"]
[BlackElo "2375"]
[PlyCount "46"]
[EventDate "1997.08.??"]

1. d4 d5 2. c4 c6 3. Nf3 e6 4. Qc2 dxc4 5. Qxc4 Nf6 6. Nbd2 b6 7. b3 Be7 8. Bb2
O-O 9. Rc1 a5 10. a3 Ba6 11. Qc2 Nbd7 12. Ne5 Nxe5 13. dxe5 Nd5 14. g3 Rc8 15.
Rd1 Qe8 16. e4 Nc7 17. Bxa6 Nxa6 18. Nc4 Bc5 19. Nd6 Bxd6 20. Rxd6 Nc5 21. O-O
Nb7 22. Rd2 Qe7 23. Rfd1 Rfd8 1/2-1/2

[Event "AUT-ch"]
[Site "Moesern"]
[Date "1997.??.11"]
[Round "12"]
[White "Rolletschek, Heinrich"]
[Black "Sommerbauer, Norbert"]
[Result "1/2-1/2"]
[WhiteElo "2325"]
[BlackElo "2395"]
[PlyCount "89"]
[EventDate "1997.08.??"]

1. e4 c5 2. g3 e6 3. d3 d5 4. Bg2 Nc6 5. Nd2 Nf6 6. Ngf3 g6 7. O-O Bg7 8. c3
O-O 9. exd5 exd5 10. Nb3 b6 11. d4 c4 12. Nbd2 Be6 13. Re1 b5 14. Ne5 Nxe5 15.
dxe5 Nd7 16. Nf3 Nc5 17. Bf1 a5 18. Be3 Qc7 19. Bxc5 Qxc5 20. Nd4 b4 21. Qd2
Rab8 22. h3 a4 23. a3 bxc3 24. Qxc3 Rb6 25. Rad1 Rfb8 26. Re2 Qc7 27. f4 Rb3
28. Nxb3 Rxb3 29. Qe1 Bf8 30. Kh2 Bc5 31. Rc2 Qb6 32. Qe2 Bg1+ 33. Kh1 Bd4 34.
Bg2 Rxb2 35. Rxb2 Bxb2 36. Bxd5 Bxd5+ 37. Rxd5 c3 38. Qc4 Qb3 39. Rc5 Qd1+ 40.
Kg2 Qd2+ 41. Kf3 Qd1+ 42. Kf2 Qd2+ 43. Qe2 Qd7 44. Kg2 h5 45. Qc4 1/2-1/2

[Event "AUT-ch"]
[Site "Moesern"]
[Date "1997.??.11"]
[Round "12"]
[White "Stanec, Nikolaus"]
[Black "Schroll, Gerhard"]
[Result "1/2-1/2"]
[WhiteElo "2465"]
[BlackElo "2405"]
[PlyCount "148"]
[EventDate "1997.08.??"]

1. c4 e5 2. Nc3 Nf6 3. g3 d5 4. cxd5 Nxd5 5. Bg2 Nb6 6. Nf3 Nc6 7. O-O Be7 8.
d3 O-O 9. Bd2 Bg4 10. Rc1 Qd7 11. Ne4 Rad8 12. b4 Bxf3 13. Bxf3 Nxb4 14. Nc5
Bxc5 15. Rxc5 N4d5 16. a4 c6 17. a5 Nc8 18. Bxd5 cxd5 19. Qc2 Qe6 20. Rb1 Nd6
21. Qa2 Rc8 22. Qxd5 Rxc5 23. Qxc5 Rc8 24. Qb4 h6 25. Qa4 Rc6 26. Rc1 Rxc1+ 27.
Bxc1 a6 28. Bb2 f6 29. Bc1 Nb5 30. Be3 Qd5 31. Qg4 Kf7 32. Bb6 Nd4 33. e4 Qd6
34. Kg2 Ne6 35. Qe2 Nd4 36. Qa2+ Qe6 37. Qb2 Nb5 38. h4 h5 39. Qe2 g6 40. Qc2
Kg7 41. Qc5 Kf7 42. Qb4 Qd6 43. Qc4+ Qe6 44. Qc1 Kg7 45. Be3 Kh7 46. Qc5 Kg7
47. Bd2 Qd6 48. Qc8 Qc7 49. Qe8 Nd6 50. Qe6 Nb5 51. Be3 Qf7 52. Qc8 Nd6 53. Qd8
Nb5 54. Bc5 Nc7 55. Bb6 Ne6 56. Qd6 Nf8 57. Bc5 Ne6 58. Be3 Nc7 59. Qb6 Ne6 60.
Kh2 Qd7 61. Qb4 Kf7 62. Bc1 Kg7 63. Kg2 Kf7 64. Qc3 Kg7 65. Be3 Kf7 66. Kf1 Kg7
67. Ke1 Kf7 68. Qc4 Kg7 69. Kd2 Kf7 70. f4 Qc6 71. Qb3 exf4 72. gxf4 f5 73. Qc3
Qb5 74. e5 Qd5 1/2-1/2

[Event "AUT-ch"]
[Site "Moesern"]
[Date "1997.??.11"]
[Round "12"]
[White "Kummer, Helmut"]
[Black "Wittmann, Walter"]
[Result "1-0"]
[WhiteElo "2380"]
[BlackElo "2405"]
[PlyCount "141"]
[EventDate "1997.08.??"]

1. d4 Nf6 2. c4 g6 3. Nc3 Bg7 4. Nf3 d6 5. g3 O-O 6. Bg2 c6 7. O-O Qa5 8. e4 e5
9. d5 cxd5 10. cxd5 Bg4 11. h3 Bxf3 12. Bxf3 Nbd7 13. Qe2 a6 14. Be3 Rfc8 15.
Rac1 b5 16. a3 h5 17. Rc2 b4 18. axb4 Qxb4 19. Ra1 Nc5 20. Bxc5 Rxc5 21. Rxa6
Rxa6 22. Qxa6 Ra5 23. Qc8+ Kh7 24. Kg2 Ra2 25. Qc6 Ra1 26. Qb5 Qd4 27. Qe2 Bh6
28. Nb5 Qb4 29. Na3 Kg7 30. Rc4 Qa5 31. Rc6 Re1 32. Qd3 Qa4 33. Nc2 Rc1 34. b3
Qa2 35. Nb4 Qa3 36. Rxc1 Bxc1 37. Nc6 Nd7 38. Bd1 Nc5 39. Qc4 Qb2 40. Bc2 Bd2
41. b4 Nd7 42. Bd3 Bc3 43. Qb5 Nf6 44. Qc4 Nd7 45. Be2 Nf6 46. Nd8 Ng8 47. b5
Bd4 48. Nb7 Qa3 49. Qc7 Nh6 50. Nxd6 Qb4 51. Ne8+ Kh7 52. Qc2 Qe7 53. Qc6 Qb4
54. Qf6 Qf8 55. Nd6 Ng8 56. Qxf7+ Qxf7 57. Nxf7 Kg7 58. Nd8 Bb6 59. Nc6 Nf6 60.
Bd3 Nd7 61. f4 Kf6 62. Kf3 Bc7 63. h4 Bb6 64. Bf1 Bc7 65. Bh3 Nb6 66. Ke3 Nc4+
67. Kd3 Nb6 68. fxe5+ Bxe5 69. Nxe5 Kxe5 70. Be6 Na4 71. Kc4 1-0

[Event "AUT-ch"]
[Site "Moesern"]
[Date "1997.??.11"]
[Round "12"]
[White "Duer, Arne"]
[Black "Mahdy, Khaled"]
[Result "1/2-1/2"]
[WhiteElo "2405"]
[BlackElo "2440"]
[PlyCount "61"]
[EventDate "1997.08.??"]

1. Nf3 g6 2. c4 Bg7 3. Nc3 Nf6 4. e4 O-O 5. d4 d6 6. Be2 Bg4 7. Be3 Nfd7 8. Rc1
c5 9. d5 Na6 10. O-O Nc7 11. Bg5 a6 12. a4 Rb8 13. a5 b5 14. axb6 Rxb6 15. b3
h6 16. Bd2 Rb7 17. Na4 e6 18. h3 Bxf3 19. Bxf3 exd5 20. exd5 Ne8 21. Rb1 Qh4
22. g3 Qd8 23. Be4 Nef6 24. Bc2 Rb8 25. Nc3 Re8 26. Qf3 Nh7 27. Qg2 h5 28. Ne4
Ndf6 29. Rfe1 Nxe4 30. Rxe4 Rxe4 31. Bxe4 1/2-1/2

[Event "AUT-ch"]
[Site "Moesern"]
[Date "1997.??.11"]
[Round "12"]
[White "Danner, Georg"]
[Black "Lehner, Oliver"]
[Result "0-1"]
[WhiteElo "2415"]
[BlackElo "2400"]
[PlyCount "78"]
[EventDate "1997.08.??"]

1. d4 d5 2. Nf3 e6 3. e3 Nf6 4. Bd3 Nbd7 5. O-O b6 6. b3 Bb7 7. Bb2 Ne4 8. Ne5
Nxe5 9. dxe5 g6 10. f3 Nc5 11. Nd2 Bg7 12. f4 O-O 13. Ba3 f6 14. Qg4 fxe5 15.
Bxc5 bxc5 16. fxe5 Qe7 17. Nf3 Rae8 18. h4 c4 19. bxc4 dxc4 20. Be4 Bd5 21.
Rad1 c6 22. Rd4 Bh6 23. Ng5 Rxf1+ 24. Kxf1 Bxg5 25. hxg5 Rf8+ 26. Bf3 c3 27.
Kg1 a5 28. Ra4 Qc5 29. Qd4 Qb5 30. Bxd5 cxd5 31. Ra3 Qe2 32. Rxc3 Rf1+ 33. Kh2
Qh5+ 34. Kg3 Qxg5+ 35. Kh2 Rf2 36. Rc8+ Kg7 37. Rc7+ Kh6 38. Qf4 Rxf4 39. exf4
Qxf4+ 0-1

[Event "AUT-ch"]
[Site "Moesern"]
[Date "1997.??.12"]
[Round "13"]
[White "Mahdy, Khaled"]
[Black "Danner, Georg"]
[Result "1/2-1/2"]
[WhiteElo "2400"]
[BlackElo "2415"]
[PlyCount "20"]
[EventDate "1997.08.??"]

1. e4 c5 2. Nf3 d6 3. c3 Nf6 4. Bd3 Nc6 5. Bc2 Bg4 6. d3 g6 7. Nbd2 Bg7 8. h3
Bxf3 9. Nxf3 O-O 10. O-O Rc8 1/2-1/2

[Event "AUT-ch"]
[Site "Moesern"]
[Date "1997.??.12"]
[Round "13"]
[White "Wittmann, Walter"]
[Black "Duer, Arne"]
[Result "1/2-1/2"]
[WhiteElo "2405"]
[BlackElo "2405"]
[PlyCount "31"]
[EventDate "1997.08.??"]

1. e4 e6 2. d4 d5 3. Nd2 c5 4. Ngf3 cxd4 5. exd5 Qxd5 6. Bc4 Qd6 7. O-O Nf6 8.
Nb3 Nc6 9. Nbxd4 Nxd4 10. Qxd4 Qxd4 11. Nxd4 Bd7 12. Bf4 Rc8 13. Bb3 Bc5 14.
Nf3 Ke7 15. Rfe1 Rhd8 16. Be3 1/2-1/2

[Event "AUT-ch"]
[Site "Moesern"]
[Date "1997.??.12"]
[Round "13"]
[White "Sommerbauer, Norbert"]
[Black "Stanec, Nikolaus"]
[Result "1/2-1/2"]
[WhiteElo "2395"]
[BlackElo "2465"]
[PlyCount "87"]
[EventDate "1997.08.??"]

1. Nf3 Nf6 2. c4 g6 3. Nc3 Bg7 4. e4 d6 5. d4 O-O 6. h3 c5 7. d5 e6 8. Bd3 exd5
9. exd5 Re8+ 10. Be3 Nbd7 11. O-O Nh5 12. Qd2 f5 13. Bg5 Qb6 14. Rfe1 Ne5 15.
Be2 Nf7 16. Nh2 Nf6 17. Be3 Bd7 18. Rab1 a5 19. a4 Re7 20. Qc2 Rae8 21. Nf3 Ne5
22. Bd2 Rf7 23. b3 Rff8 24. Rbd1 h6 25. Nxe5 dxe5 26. Nb5 Ne4 27. Bc1 Bxb5 28.
cxb5 Nd6 29. Ba3 Rc8 30. Rc1 Qd8 31. b6 Rf7 32. Qc3 Qxb6 33. Bxc5 Qd8 34. Qg3
Ne4 35. Qe3 Rfc7 36. b4 axb4 37. Bxb4 Qxd5 38. Bf3 Rxc1 39. Rxc1 Rxc1+ 40. Qxc1
Qd4 41. Qc8+ Kh7 42. Bxe4 Qxe4 43. Bf8 Qxa4 44. Bxg7 1/2-1/2

[Event "AUT-ch"]
[Site "Moesern"]
[Date "1997.??.12"]
[Round "13"]
[White "Lendwai, Reinhard"]
[Black "Rolletschek, Heinrich"]
[Result "1-0"]
[WhiteElo "2375"]
[BlackElo "2325"]
[PlyCount "49"]
[EventDate "1997.08.??"]

1. e4 e5 2. Nf3 Nc6 3. Bc4 Nf6 4. d3 Be7 5. O-O O-O 6. Re1 d6 7. c3 Be6 8. Nbd2
Re8 9. Bxe6 fxe6 10. Qb3 Qc8 11. d4 exd4 12. cxd4 d5 13. a3 Rb8 14. Qd3 dxe4
15. Nxe4 Nxe4 16. Rxe4 Qd7 17. Bg5 Qd5 18. Qe3 h6 19. Bxh6 e5 20. Re1 gxh6 21.
Qxh6 Kf7 22. Rxe5 Qd6 23. Re6 Qd7 24. Qh7+ Kf8 25. Rg6 1-0

[Event "AUT-ch"]
[Site "Moesern"]
[Date "1997.??.13"]
[Round "14"]
[White "Schlosser, Michael"]
[Black "Brestian, Egon"]
[Result "1/2-1/2"]
[WhiteElo "2350"]
[BlackElo "2440"]
[PlyCount "81"]
[EventDate "1997.08.??"]

1. e4 c5 2. Nf3 d6 3. d4 cxd4 4. Nxd4 Nf6 5. Nc3 g6 6. Be3 Bg7 7. f3 Nc6 8. Qd2
Bd7 9. O-O-O Nxd4 10. Bxd4 Qa5 11. Kb1 Rc8 12. g4 a6 13. h4 Be6 14. a3 h6 15.
Rh2 Kf8 16. Rf2 Nd7 17. Bxg7+ Kxg7 18. Qd4+ Qe5 19. Qe3 Qc5 20. Qe1 Nb6 21.
Rfd2 Rhe8 22. Qg3 Qa5 23. Qf2 Rxc3 24. Qd4+ f6 25. Qxc3 Qxc3 26. bxc3 Na4 27.
Rd3 Rc8 28. c4 Bxc4 29. Re3 Be6 30. Rd4 b5 31. Kc1 g5 32. Rd2 Nc5 33. Rh2 Nd7
34. Kd2 Ne5 35. Be2 Bc4 36. Bd3 Kf7 37. Rh3 Ke6 38. hxg5 hxg5 39. Re1 Kd7 40.
Rb1 Rc7 41. Rg3 1/2-1/2